000 00593nam a2200229Ia 4500
003 OSt
005 20220924145544.0
006 a|||||r|||| 00| 0
007 ta
008 220923b |||||||| |||| 00| 0 per d
024 _a329318
037 _cTextual
040 _aARTS
_cARTS
_bper
041 _2per
_aper
082 _aP28,3, 164J3
100 _aAli Shekhurrehman Au.
_9220047
245 0 _aAsbab-o-hudusul haruf
260 _c1953
650 _aARABIC LANGUAGE
_931794
942 _hP28,3, 164J3
_cTEXL
_2CC
999 _c460477
_d460477